[Event "IRL-ch"]
[Site "Greystones"]
[Date "2001.07.12"]
[Round "6"]
[White "Dempsey, Paul"]
[Black "Collins, Sam E"]
[Result "1/2-1/2"]
[WhiteElo "2111"]
[BlackElo "2194"]
[PlyCount "63"]
[EventDate "2001.07.07"]
[EventType "swiss"]
[EventRounds "9"]
[EventCountry "IRL"]
[SourceTitle "EXT 2012"]
[Source "ChessBase"]
[SourceDate "2011.11.24"]
[SourceVersion "1"]
[SourceVersionDate "2011.11.24"]
[SourceQuality "1"]

1. d4 Nf6 2. c4 g6 3. Nc3 d5 4. cxd5 Nxd5 5. Bd2 Bg7 6. e3 0-0 7. Rc1 e5 8. dxe5 Bxe5 9. Nf3 Nxc3 10. Bxc3 Qxd1+ 11. Kxd1 Rd8+ 12. Nd2 Nc6 13. Bb5 Bxc3 14. Rxc3 Bd7 15. Bxc6 Bxc6 16. f3 Rd7 17. Kc1 Bd5 18. Rd3 Rad8 19. b3 Kf8 20. Rd1 Ke7 21. Nb1 c5 22. Nc3 Bc6 23. Kc2 g5 24. e4 Rxd3 25. Rxd3 Rg8 26. Nd5+ Ke6 27. Kd2 h5 28. g3 Rc8 29. Ke3 b5 30. Rd2 f6 31. h4 a6 32. hxg5 1/2-1/2

[Event "IRL-ch"]
[Site "Greystones"]
[Date "2001.07.07"]
[Round "1"]
[White "Daly, Colm"]
[Black "Dempsey, Paul"]
[Result "1-0"]
[WhiteElo "2367"]
[BlackElo "2111"]
[PlyCount "109"]
[EventDate "2001.07.07"]
[EventType "swiss"]
[EventRounds "9"]
[EventCountry "IRL"]
[SourceTitle "EXT 2012"]
[Source "ChessBase"]
[SourceDate "2011.11.24"]
[SourceVersion "1"]
[SourceVersionDate "2011.11.24"]
[SourceQuality "1"]

1. d4 Nf6 2. Nf3 e6 3. c4 b6 4. e3 Bb7 5. Bd3 Be7 6. Nc3 d5 7. Qa4+ Bc6 8. Qc2 Nbd7 9. e4 dxe4 10. Nxe4 Bxe4 11. Bxe4 Nxe4 12. Qxe4 0-0 13. Bf4 Bb4+ 14. Ke2 Bd6 15. Rhd1 Qe7 16. Kf1 Rfe8 17. Ne5 Bxe5 18. dxe5 Nc5 19. Qe3 h6 20. b4 Na6 21. a3 Rad8 22. Qe4 c5 23. b5 Nb8 24. g3 Rd7 25. Be3 Red8 26. Ke2 Qe8 27. h4 Qe7 28. a4 Rxd1 29. Rxd1 Rxd1 30. Kxd1 Qd7+ 31. Kc2 a5 32. h5 Qd8 33. Qa8 Kh7 34. g4 Kg8 35. f4 Qc7 36. Bd2 Kh8 37. Bc3 Kg8 38. f5 Kh8 39. Qf3 Qd8 40. fxe6 fxe6 41. Qf7 Qc8 42. Bd2 Qg8 43. Qc7 Qh7+ 44. Kb2 Qd3 45. Qxb8+ Kh7 46. Qd6 Qxc4 47. Qxb6 Qd4+ 48. Bc3 Qf2+ 49. Ka3 Qg1 50. Qxa5 Qxg4 51. b6 c4 52. Qb4 Qf4 53. b7 Qh4 54. b8Q Qe7 55. Qh8+ 1-0

[Event "Kilkenny Norkom op"]
[Site "Kilkenny"]
[Date "2000.11.26"]
[Round "6"]
[White "Gamez Cenzano, Andres"]
[Black "Dempsey, Paul"]
[Result "1/2-1/2"]
[WhiteElo "2196"]
[BlackElo "2111"]
[PlyCount "40"]
[EventDate "2000.11.24"]
[EventType "swiss"]
[EventRounds "6"]
[EventCountry "IRL"]
[SourceTitle "CBM 079 Extra"]
[Source "ChessBase"]
[SourceDate "2001.01.11"]
[SourceVersion "2"]
[SourceVersionDate "2001.01.25"]
[SourceQuality "1"]

1. d4 Nf6 2. c4 e6 3. Nf3 d5 4. Nc3 Be7 5. Bg5 0-0 6. e3 h6 7. Bxf6 Bxf6 8. cxd5 exd5 9. Bd3 c5 10. 0-0 Nc6 11. dxc5 Bxc3 12. bxc3 Qa5 13. Qd2 Qxc5 14. Rab1 a6 15. a4 b6 16. Rfd1 Rd8 17. Nd4 Ne5 18. Rb4 Rd6 19. Nb3 Qc7 20. Nd4 Qc5 1/2-1/2

[Event "SEMI ECT 5-A email"]
[Site "SEMI email"]
[Date "2000.??.??"]
[Round "?"]
[White "Castillo, German"]
[Black "Dempsey, Paul"]
[Result "1-0"]
[WhiteElo "2068"]
[BlackElo "2140"]
[PlyCount "119"]
[EventDate "2000.10.10"]
[EventType "tourn (corr)"]
[EventRounds "8"]
[EventCountry "ITA"]
[SourceTitle "Corr 2008"]
[Source "ChessBase"]
[SourceDate "2008.06.24"]
[SourceVersion "1"]
[SourceVersionDate "2008.06.24"]
[SourceQuality "1"]

1. e4 c5 2. Nf3 Nc6 3. d4 cxd4 4. Nxd4 Nf6 5. Nc3 e5 6. Ndb5 d6 7. Bg5 a6 8. Na3 b5 9. Nd5 Be7 10. Bxf6 Bxf6 11. c4 b4 12. Nc2 Rb8 13. b3 Bg5 14. Be2 0-0 15. 0-0 a5 16. Bg4 Bb7 17. Qd3 Ne7 18. Nce3 Bxe3 19. Nxe3 Qc7 20. a4 Qc5 21. Rad1 Rbd8 22. Rd2 g6 23. Rfd1 Nc6 24. Nd5 Kg7 25. Nc7 Nd4 26. Nb5 Nxb5 27. axb5 Qb6 28. g3 Rfe8 29. Qe3 Qxe3 30. fxe3 Bxe4 31. Rxd6 Rxd6 32. Rxd6 f5 33. Bd1 Kf7 34. c5 Ke7 35. Ra6 Rd8 36. Be2 Rd2 37. Kf1 Rb2 38. Rxa5 Rxb3 39. Ra7+ Kd8 40. b6 Rb1+ 41. Kf2 b3 42. Rxh7 b2 43. b7 Rf1+ 44. Bxf1 b1Q 45. b8Q+ Qxb8 46. Rh8+ Kc7 47. Rxb8 Kxb8 48. h4 Kc7 49. Bb5 Kd8 50. Ke2 Bd5 51. Kd3 Bf7 52. Bc4 Be8 53. Kc3 Ke7 54. Bd5 Kd7 55. Kb4 Kd8 56. Ka5 Kc7 57. Bc4 Kb7 58. Bb3 Kc7 59. Bd5 e4 60. Bc4 1-0

[Event "SEMI Traxler theme-B corr"]
[Site "SEMI email"]
[Date "2000.??.??"]
[Round "?"]
[White "Perez, Giorgio"]
[Black "Dempsey, Paul"]
[Result "1-0"]
[WhiteElo "2388"]
[BlackElo "2140"]
[PlyCount "47"]
[EventDate "2000.11.10"]
[EventType "tourn (corr)"]
[EventRounds "6"]
[EventCountry "ITA"]
[SourceTitle "Corr 2008"]
[Source "ChessBase"]
[SourceDate "2008.06.24"]
[SourceVersion "1"]
[SourceVersionDate "2008.06.24"]
[SourceQuality "1"]

1. e4 e5 2. Nf3 Nc6 3. Bc4 Nf6 4. Ng5 Bc5 5. Nxf7 Bxf2+ 6. Kxf2 Nxe4+ 7. Ke3 Qe7 8. Nxh8 Qg5+ 9. Kxe4 d5+ 10. Bxd5 Bf5+ 11. Kf3 Bg4+ 12. Kf2 Bxd1 13. Bxc6+ bxc6 14. Rxd1 0-0-0 15. Kg1 Rxh8 16. d3 Qg4 17. Nc3 Rf8 18. Re1 h5 19. Rxe5 Qd4+ 20. Re3 h4 21. Ne4 h3 22. c3 Qb6 23. b4 hxg2 24. Nc5 1-0

[Event "Kilkenny Masters"]
[Site "Kilkenny"]
[Date "1999.11.28"]
[Round "6"]
[White "Dempsey, Paul"]
[Black "Brady, Stephen"]
[Result "1/2-1/2"]
[WhiteElo "2168"]
[BlackElo "2310"]
[PlyCount "74"]
[EventDate "1999.11.26"]
[EventType "swiss"]
[EventRounds "6"]
[EventCountry "IRL"]
[SourceTitle "CBM 073 Extra"]
[Source "ChessBase"]
[SourceDate "2000.01.11"]
[SourceVersion "1"]
[SourceVersionDate "2000.01.11"]
[SourceQuality "1"]

1. d4 Nf6 2. c4 e6 3. Nc3 Bb4 4. Qc2 0-0 5. Bg5 h6 6. Bh4 c5 7. dxc5 Nc6 8. e3 Bxc5 9. a3 b6 10. Nf3 Bb7 11. Be2 a6 12. 0-0 Be7 13. Rad1 Rc8 14. b4 d5 15. cxd5 Nxd5 16. Bxe7 Ncxe7 17. Rd3 a5 18. Qb2 Rxc3 19. Rxc3 Nxc3 20. Qxc3 Nd5 21. Qb2 axb4 22. axb4 Qe7 23. b5 Rc8 24. Rc1 Rc5 25. Rxc5 Qxc5 26. Nd4 Nc3 27. Bf1 Be4 28. h3 e5 29. Nf3 g6 30. Nd2 Bf5 31. Nf3 Bd7 32. Qa1 Kg7 33. Qb2 Be8 34. Kh1 h5 35. Kg1 Kh6 36. Kh1 Kg7 37. Kg1 Kf6 1/2-1/2

[Event "Kilkenny Masters"]
[Site "Kilkenny"]
[Date "1999.11.28"]
[Round "5"]
[White "Heidenfeld, Mark"]
[Black "Dempsey, Paul"]
[Result "1-0"]
[WhiteElo "2368"]
[BlackElo "2168"]
[PlyCount "67"]
[EventDate "1999.11.26"]
[EventType "swiss"]
[EventRounds "6"]
[EventCountry "IRL"]
[SourceTitle "CBM 073 Extra"]
[Source "ChessBase"]
[SourceDate "2000.01.11"]
[SourceVersion "1"]
[SourceVersionDate "2000.01.11"]
[SourceQuality "1"]

1. e4 Nf6 2. Nc3 d5 3. e5 Nfd7 4. Nf3 e6 5. d4 c5 6. dxc5 Bxc5 7. Bd3 b6 8. 0-0 Ba6 9. Nb5 Bxb5 10. Bxb5 a6 11. Bd3 Nc6 12. Re1 h6 13. c3 0-0 14. Qe2 Qc7 15. Bf4 Rfb8 16. b4 Bf8 17. Bxa6 Na7 18. Rec1 b5 19. a4 Qb6 20. axb5 Nxb5 21. Bxb5 Rxa1 22. Rxa1 Qxb5 23. Qxb5 Rxb5 24. Ra7 Nc5 25. Be3 Ne4 26. Ra6 g5 27. Nd4 Rb7 28. Ne2 Kg7 29. f3 Nxc3 30. Nxc3 Bxb4 31. Ne2 Be1 32. Ra1 Rb3 33. Bc5 Bd2 34. Kf2 1-0

[Event "BCF-ch 86th"]
[Site "Scarborough"]
[Date "1999.08.10"]
[Round "9"]
[White "Clarke, Thomas M"]
[Black "Dempsey, Paul"]
[Result "0-1"]
[WhiteElo "2204"]
[BlackElo "2168"]
[PlyCount "62"]
[EventDate "1999.08.05"]
[EventType "swiss"]
[EventRounds "11"]
[EventCountry "ENG"]
[SourceTitle "CBM 071 Extra"]
[Source "ChessBase"]
[SourceDate "1999.09.14"]
[SourceVersion "1"]
[SourceVersionDate "1999.09.14"]
[SourceQuality "1"]

1. d4 d5 2. Bg5 c6 3. Nf3 Bf5 4. e3 Nd7 5. Be2 Ngf6 6. h3 e6 7. 0-0 Bd6 8. c4 dxc4 9. Bxc4 Qc7 10. Nc3 0-0 11. Rc1 h6 12. Bh4 g5 13. Nb5 cxb5 14. Bxe6 Bxe6 15. Rxc7 Bxc7 16. Bg3 Bxg3 17. fxg3 Bc4 18. Re1 Rfe8 19. b3 Bd5 20. Qd3 a6 21. a4 bxa4 22. bxa4 Rac8 23. h4 g4 24. Nd2 Ne4 25. Qe2 Ndf6 26. Nf1 Rc4 27. Ra1 Rec8 28. Qb2 R8c7 29. Qb6 Kg7 30. Rb1 Nc3 31. Rb2 Nxa4 0-1

[Event "BCF-ch 86th"]
[Site "Scarborough"]
[Date "1999.08.03"]
[Round "3"]
[White "Hanley, Craig"]
[Black "Dempsey, Paul"]
[Result "1-0"]
[WhiteElo "2178"]
[BlackElo "2168"]
[PlyCount "101"]
[EventDate "1999.08.05"]
[EventType "swiss"]
[EventRounds "11"]
[EventCountry "ENG"]
[SourceTitle "CBM 071 Extra"]
[Source "ChessBase"]
[SourceDate "1999.09.14"]
[SourceVersion "1"]
[SourceVersionDate "1999.09.14"]
[SourceQuality "1"]

1. c4 c5 2. Nc3 b6 3. e4 Bb7 4. g3 Nf6 5. Bg2 e6 6. Nge2 d6 7. 0-0 a6 8. d3 Qc7 9. a3 Nc6 10. Rb1 Nd4 11. Be3 e5 12. h3 Be7 13. f4 h5 14. b4 Bc6 15. Qd2 Rc8 16. b5 axb5 17. Bxd4 cxd4 18. Nxb5 Qd7 19. fxe5 dxe5 20. Rf5 Qe6 21. Na7 Rc7 22. Nxc6 Rxc6 23. a4 g6 24. Rff1 0-0 25. Rb5 Ra8 26. Qc2 Nd7 27. Nxd4 exd4 28. e5 Rac8 29. Bd5 Qxh3 30. Rxf7 Qxg3+ 31. Qg2 Qe3+ 32. Kh1 Kh8 33. Bxc6 Qe1+ 34. Rf1 Qh4+ 35. Kg1 Bg5 36. Bxd7 Be3+ 37. Rf2 Rf8 38. Rbb2 Qf4 39. e6 Qe5 40. Kf1 Rxf2+ 41. Rxf2 Bxf2 42. Qxf2 Qg5 43. Qxd4+ Kh7 44. Qe4 Qf6+ 45. Ke2 Qb2+ 46. Kf3 Qd2 47. e7 Qd1+ 48. Qe2 Qh1+ 49. Ke3 Qg1+ 50. Ke4 Qh1+ 51. Ke5 1-0

[Event "BCF-ch 86th"]
[Site "Scarborough"]
[Date "1999.08.01"]
[Round "1"]
[White "Lane, Gary William"]
[Black "Dempsey, Paul"]
[Result "1-0"]
[WhiteElo "2409"]
[BlackElo "2168"]
[PlyCount "69"]
[EventDate "1999.08.05"]
[EventType "swiss"]
[EventRounds "11"]
[EventCountry "ENG"]
[SourceTitle "CBM 071 Extra"]
[Source "ChessBase"]
[SourceDate "1999.09.14"]
[SourceVersion "1"]
[SourceVersionDate "1999.09.14"]
[SourceQuality "1"]

1. e4 c5 2. Nf3 d6 3. d4 cxd4 4. Nxd4 Nf6 5. Nc3 a6 6. f4 Qc7 7. Nf3 e6 8. Bd3 Be7 9. 0-0 b5 10. Qe1 Bb7 11. e5 Nfd7 12. Qg3 g6 13. Ne4 d5 14. Neg5 Qb6+ 15. Kh1 Nc6 16. c3 b4 17. Bd2 Nf8 18. Rae1 Bc5 19. c4 d4 20. Ne4 0-0-0 21. Nfg5 Rd7 22. Qh3 Nd8 23. Nf6 Re7 24. Nd5 Bxd5 25. cxd5 Kb8 26. d6 Ra7 27. Ne4 Nd7 28. Rc1 h6 29. Rc4 Nb7 30. Nxc5 Ndxc5 31. Rxb4 Qc6 32. Rxd4 Rc8 33. Qe3 Nxd3 34. Rxd3 Nc5 35. Rc3 1-0

[Event "SEMI A004 corr"]
[Site "SEMI email"]
[Date "1999.??.??"]
[Round "?"]
[White "Dempsey, Paul"]
[Black "O'Hara, Matthew D"]
[Result "0-1"]
[WhiteElo "2170"]
[BlackElo "2200"]
[PlyCount "40"]
[EventDate "1999.11.08"]
[EventType "tourn (corr)"]
[EventRounds "6"]
[EventCountry "ITA"]
[SourceTitle "Corr 2002"]
[Source "ChessBase"]
[SourceDate "2002.05.23"]
[SourceVersion "1"]
[SourceVersionDate "2002.05.23"]
[SourceQuality "1"]

1. e4 e5 2. Nf3 Nc6 3. Bb5 a6 4. Bxc6 dxc6 5. 0-0 f6 6. d4 Bg4 7. dxe5 Qxd1 8. Rxd1 fxe5 9. Rd3 Bd6 10. Nbd2 Nf6 11. b3 0-0-0 12. h3 Bxf3 13. Rxf3 Ba3 14. Rd3 Bb4 15. Nc4 Nxe4 16. Bb2 Bc5 17. Rf1 Nxf2 18. Rxf2 Rhf8 19. Rdf3 e4 20. Ba3 Bxf2+ 0-1

[Event "SEMI A004 corr"]
[Site "SEMI email"]
[Date "1999.??.??"]
[Round "?"]
[White "Dempsey, Paul"]
[Black "Sorroche Lupion, Francisco"]
[Result "0-1"]
[WhiteElo "2170"]
[BlackElo "2144"]
[PlyCount "36"]
[EventDate "1999.11.08"]
[EventType "tourn (corr)"]
[EventRounds "6"]
[EventCountry "ITA"]
[SourceTitle "Corr 2002"]
[Source "ChessBase"]
[SourceDate "2002.05.23"]
[SourceVersion "1"]
[SourceVersionDate "2002.05.23"]
[SourceQuality "1"]

1. d4 d5 2. c4 e6 3. Nc3 Nf6 4. cxd5 exd5 5. Bg5 Be7 6. e3 c6 7. Qc2 Be6 8. Bd3 Nbd7 9. Nge2 Bd6 10. 0-0 Bxh2+ 11. Kxh2 Ng4+ 12. Kg3 Qxg5 13. f4 Qe7 14. Nd1 Ndf6 15. Rh1 Bd7 16. Kf3 Ne4 17. Bxe4 dxe4+ 18. Qxe4 Nh2+ 0-1

[Event "Kilkenny Masters"]
[Site "Kilkenny"]
[Date "1998.11.29"]
[Round "6"]
[White "Short, Philip M"]
[Black "Dempsey, Paul"]
[Result "1-0"]
[WhiteElo "2295"]
[BlackElo "2075"]
[PlyCount "85"]
[EventDate "1998.11.27"]
[EventType "swiss"]
[EventRounds "6"]
[EventCountry "IRL"]
[SourceTitle "CBM 067 Extra"]
[Source "ChessBase"]
[SourceDate "1999.01.01"]
[SourceVersion "1"]
[SourceVersionDate "1999.01.01"]
[SourceQuality "1"]

1. d4 d5 2. Nf3 Nf6 3. c4 e6 4. Nc3 Be7 5. Bf4 0-0 6. e3 Nh5 7. Be5 c6 8. Bd3 g6 9. Qc2 Na6 10. a3 dxc4 11. Bxc4 Nc7 12. 0-0 Nd5 13. Rfd1 f6 14. Bg3 Nxg3 15. hxg3 Kg7 16. Ne2 b5 17. Bb3 Qb6 18. e4 Nc7 19. Rac1 Bd7 20. Nf4 Rac8 21. Nd3 Na6 22. Ba2 Rfd8 23. b4 Qb7 24. Bb3 Qb6 25. Qa2 Re8 26. Nc5 Nxc5 27. dxc5 Qb7 28. Rxd7 Qxd7 29. Bxe6 Qc7 30. Bxc8 Qxc8 31. Rd1 Bf8 32. Rd4 a5 33. Qd2 axb4 34. axb4 Re7 35. Qf4 Ra7 36. e5 Be7 37. exf6+ Bxf6 38. Rd6 Be7 39. Qe5+ Kg8 40. Qe6+ Qxe6 41. Rxe6 Ra1+ 42. Kh2 Kf8 43. Ne5 1-0

[Event "Kilkenny Masters"]
[Site "Kilkenny"]
[Date "1998.11.28"]
[Round "3"]
[White "Dempsey, Paul"]
[Black "Sutton, Ian"]
[Result "1/2-1/2"]
[WhiteElo "2075"]
[BlackElo "2100"]
[PlyCount "69"]
[EventDate "1998.11.27"]
[EventType "swiss"]
[EventRounds "6"]
[EventCountry "IRL"]
[SourceTitle "CBM 067 Extra"]
[Source "ChessBase"]
[SourceDate "1999.01.01"]
[SourceVersion "1"]
[SourceVersionDate "1999.01.01"]
[SourceQuality "1"]

1. d4 g6 2. c4 Bg7 3. Nc3 d6 4. e4 Nc6 5. d5 Nd4 6. Be3 c5 7. Nge2 Qb6 8. Qd2 Bd7 9. Rd1 Nxe2 10. Bxe2 Nf6 11. f3 Qa5 12. 0-0 0-0 13. g4 a6 14. Bh6 b5 15. Bxg7 Kxg7 16. g5 Nh5 17. b3 Nf4 18. Rc1 Nh3+ 19. Kg2 Rh8 20. f4 h6 21. gxh6+ Rxh6 22. f5 Rah8 23. Bg4 f6 24. Bxh3 Rxh3 25. Rh1 gxf5 26. Kf1 fxe4 27. Qg2+ Kf8 28. Rg1 Rxh2 29. Qxe4 Qa3 30. Rb1 b4 31. Rg7 Kxg7 32. Qxe7+ Kg6 33. Qxd7 R2h4 34. Ke2 Rh2+ 35. Kf3 1/2-1/2

[Event "Kilkenny Masters"]
[Site "Kilkenny"]
[Date "1998.11.28"]
[Round "4"]
[White "O'Connell, Gerard"]
[Black "Dempsey, Paul"]
[Result "0-1"]
[WhiteElo "2180"]
[BlackElo "2075"]
[PlyCount "80"]
[EventDate "1998.11.27"]
[EventType "swiss"]
[EventRounds "6"]
[EventCountry "IRL"]
[SourceTitle "CBM 067 Extra"]
[Source "ChessBase"]
[SourceDate "1999.01.01"]
[SourceVersion "1"]
[SourceVersionDate "1999.01.01"]
[SourceQuality "1"]

1. d4 d5 2. c4 e6 3. Nc3 Be7 4. Nf3 Nf6 5. Bg5 0-0 6. e3 h6 7. Bh4 Ne4 8. Bxe7 Qxe7 9. cxd5 Nxc3 10. bxc3 exd5 11. Qb3 c6 12. c4 dxc4 13. Bxc4 b5 14. Bd3 Be6 15. Qc2 Bd5 16. 0-0 Re8 17. Ne5 a6 18. e4 Be6 19. Nxc6 Nxc6 20. Qxc6 Rec8 21. Qb6 Rc3 22. Rfd1 Qa3 23. Bf1 Bg4 24. f3 Rxf3 25. d5 Rf6 26. Qb7 Qe3+ 27. Kh1 Re8 28. Re1 Qd4 29. e5 Rg6 30. Rac1 Bf3 31. Qd7 Qf2 32. Qh3 Bxd5 33. Re2 Bxg2+ 34. Qxg2 Rxg2 35. Rxf2 Rxf2 36. a4 Rxe5 37. axb5 axb5 38. Bd3 g6 39. Rb1 Rh5 40. Bxb5 Rfxh2+ 0-1

[Event "LCU Challengers-B"]
[Site "Ireland"]
[Date "1998.??.??"]
[Round "?"]
[White "Dempsey, Paul"]
[Black "Killane, Jack"]
[Result "1-0"]
[WhiteElo "2050"]
[BlackElo "2048"]
[PlyCount "45"]
[EventDate "1998.??.??"]
[EventType "tourn"]
[EventRounds "9"]
[EventCountry "IRL"]
[SourceTitle "EXT 2003"]
[Source "ChessBase"]
[SourceDate "2002.11.25"]
[SourceVersion "1"]
[SourceVersionDate "2002.11.25"]
[SourceQuality "1"]

1. d4 Nf6 2. c4 g6 3. Nc3 Bg7 4. e4 d6 5. f4 0-0 6. Nf3 c5 7. d5 Re8 8. Be2 e6 9. 0-0 exd5 10. e5 Nfd7 11. exd6 d4 12. Nd5 Na6 13. Ne7+ Kh8 14. Ng5 Rf8 15. f5 Nf6 16. fxg6 fxg6 17. Bf4 Ng8 18. Nxc8 Rxf4 19. Rxf4 Qxg5 20. d7 Nc7 21. Re4 Qd8 22. Bg4 Bf8 23. Qf3 1-0

[Event "EU-ch U18"]
[Site "Mureck"]
[Date "1998.??.??"]
[Round "6"]
[White "Dempsey, Paul"]
[Black "Mah, Karl"]
[Result "0-1"]
[WhiteElo "2075"]
[BlackElo "2330"]
[PlyCount "76"]
[EventDate "1998.07.08"]
[EventType "swiss"]
[EventRounds "9"]
[EventCountry "AUT"]
[SourceTitle "CBM 065 Extra"]
[Source "ChessBase"]
[SourceDate "1998.09.09"]
[SourceVersion "1"]
[SourceVersionDate "1998.09.09"]
[SourceQuality "1"]

1. d4 Nf6 2. c4 g6 3. Nc3 Bg7 4. e4 d6 5. f4 0-0 6. Nf3 c5 7. d5 e6 8. Be2 exd5 9. cxd5 Bg4 10. 0-0 Nfd7 11. Re1 Na6 12. Be3 Re8 13. Nd2 Bxe2 14. Rxe2 f5 15. Bf2 Nb6 16. Qb3 Nb4 17. a3 Nd3 18. Bg3 Bd4+ 19. Kh1 Nxb2 20. Qxb2 Na4 21. Nxa4 Bxb2 22. Nxb2 b5 23. Rae1 Qa5 24. Nb1 Rxe4 25. Rxe4 fxe4 26. Rxe4 Kf7 27. Be1 Qa6 28. Kg1 Re8 29. Rxe8 Kxe8 30. Kf2 b4 31. Nd1 Qd3 32. Nbc3 bxc3 33. Nxc3 Qd4+ 34. Kf3 Qg1 35. Bg3 Qf1+ 36. Ke3 c4 37. Nb5 Qd3+ 38. Kf2 Qc2+ 0-1